[Event "Hammersmith CC op U2000"]
[Site "London"]
[Date "2022.06.04"]
[Round "2"]
[White "Croasdale, Harry J"]
[Black "Mackellar, Laurie"]
[Result "1/2-1/2"]
[WhiteElo "1832"]
[BlackElo "1678"]
[PlyCount "72"]
[EventDate "2022.06.04"]
[EventType "swiss"]
[EventRounds "5"]
[EventCountry "ENG"]
[SourceTitle "CBM 208 Extra"]
[Source "ChessBase"]
[SourceDate "2022.07.31"]
[SourceVersion "1"]
[SourceVersionDate "2022.07.31"]
[SourceQuality "1"]

1. Nc3 Nf6 2. e4 d6 3. d4 a6 4. a4 e6 5. Bf4 Be7 6. Nf3 d5 7. e5 Nfd7 8. Ne2 c5 9. c3 Nc6 10. g3 cxd4 11. Nexd4 Nxd4 12. cxd4 Qa5+ 13. Bd2 Bb4 14. Bd3 Nb6 15. b3 Bd7 16. 0-0 Bxd2 17. Qxd2 Qxd2 18. Nxd2 Rc8 19. Rac1 0-0 20. f4 Rxc1 21. Rxc1 Rc8 22. Rc2 g6 23. Kf2 Kf8 24. Ke3 Rxc2 25. Bxc2 Ke7 26. Nf3 h6 27. h4 f5 28. exf6+ Kxf6 29. a5 Nc8 30. Bxg6 Kxg6 31. Ne5+ Kh5 32. Nxd7 Nd6 33. Nc5 Nf5+ 34. Kf2 Nxd4 35. Ke3 Nf5+ 36. Kf3 Nd4+ 1/2-1/2

[Event "London Classic op U1825 11th"]
[Site "London"]
[Date "2019.12.01"]
[Round "5"]
[White "Mackellar, Laurie"]
[Black "Stewart, Hari"]
[Result "1/2-1/2"]
[WhiteElo "1638"]
[BlackElo "1436"]
[PlyCount "100"]
[EventDate "2019.11.29"]
[EventType "swiss"]
[EventRounds "5"]
[EventCountry "ENG"]
[SourceTitle "CBM 195 Extra"]
[Source "ChessBase"]
[SourceDate "2020.05.31"]
[SourceVersion "1"]
[SourceVersionDate "2020.05.31"]
[SourceQuality "1"]

1. d4 Nf6 2. c4 g6 3. Nf3 Bg7 4. g3 0-0 5. Bg2 d6 6. 0-0 Nbd7 7. Nc3 e5 8. Bg5 h6 9. Bxf6 Bxf6 10. d5 Bg7 11. e4 g5 12. b4 f5 13. Nd2 f4 14. h3 Nf6 15. g4 Bd7 16. c5 Qc8 17. f3 h5 18. cxd6 cxd6 19. Rc1 Qe8 20. a4 hxg4 21. hxg4 Qg6 22. Nc4 Qh6 23. Rc2 Kh7 24. Bh1 Kg8 25. Rh2 Qg6 26. Nb5 Bxb5 27. axb5 Rac8 28. Qe2 Rc7 29. Qa2 b6 30. Rc2 Rd8 31. Rff2 Rdd7 32. Qb3 Ne8 33. Rh2 Bf6 34. Nb2 Rh7 35. Rxc7 Rxc7 36. Nd3 Rh7 37. Rxh7 Qxh7 38. Qc2 Qc7 39. Qc6 Kf8 40. Bg2 Qxc6 41. bxc6 Nc7 42. Bf1 Bd8 43. Ne1 Ke8 44. Nc2 Ke7 45. Na3 Ke8 46. Kf2 Ke7 47. Ke1 Ke8 48. Kd2 Ke7 49. Kc3 a6 50. b5 a5 1/2-1/2

[Event "London Classic op U1825 11th"]
[Site "London"]
[Date "2019.11.30"]
[Round "2"]
[White "Mackellar, Laurie"]
[Black "Dhemrait, Surjit S"]
[Result "1-0"]
[WhiteElo "1638"]
[BlackElo "1547"]
[PlyCount "77"]
[EventDate "2019.11.29"]
[EventType "swiss"]
[EventRounds "5"]
[EventCountry "ENG"]
[SourceTitle "CBM 195 Extra"]
[Source "ChessBase"]
[SourceDate "2020.05.31"]
[SourceVersion "1"]
[SourceVersionDate "2020.05.31"]
[SourceQuality "1"]

1. d4 Nf6 2. Nf3 d5 3. g3 Bf5 4. Bg2 e6 5. 0-0 c5 6. c4 cxd4 7. Nxd4 Nbd7 8. Nxf5 exf5 9. cxd5 Bd6 10. Bg5 0-0 11. Nc3 h6 12. Bxf6 Nxf6 13. Nb5 a6 14. Nxd6 Qxd6 15. Qb3 b5 16. Rac1 Rac8 17. Rc6 Rxc6 18. dxc6 Ne4 19. Qc2 Rc8 20. Rc1 Qe6 21. b3 Rc7 22. Bxe4 Qxe4 23. Qd3 Rxc6 24. Rxc6 Qxc6 25. Qxf5 Qc1+ 26. Kg2 Qd2 27. Qc8+ Kh7 28. Qxa6 Qxe2 29. Qb7 f6 30. a4 bxa4 31. bxa4 Qe5 32. Qa8 h5 33. a5 f5 34. a6 f4 35. a7 fxg3 36. hxg3 h4 37. Qf3 hxg3 38. a8Q gxf2 39. Qae4+ 1-0